Detalles MARC
| 000 -CABECERA |
| Longitud fija campo de control |
02122nam a2200517 c 4500 |
| 001 - NÚMERO DE CONTROL |
| Número de control |
6043 |
| 003 - IDENTIFICADOR DE NÚMERO DE CONTROL |
| Identificador del número de control |
ES-MaCES |
| 005 - FECHA Y HORA DE LA ÚLTIMA TRANSACCIÓN |
| Fecha y hora de la última transacción |
20190701140301.0 |
| 008 - CAMPO FIJO DE DESCRIPCIÓN FIJA--INFORMACIÓN GENERAL |
| Códigos de información de longitud fija |
971112s1997 sp o ||| | spa d |
| 017 ## - NÚMERO DE REGISTRO DE DERECHOS DE AUTOR Y DEPÓSITO LEGAL |
| Número de copyright o de depósito legal |
M 11214-1997 |
| Agencia que asigna el número |
DL |
| 020 ## - ISBN (INTERNATIONAL STANDARD BOOK NUMBER) |
| Número Internacional Normalizado para Libros (ISBN) |
8481880507 (v. II, 2ª parte) |
| 020 ## - ISBN (INTERNATIONAL STANDARD BOOK NUMBER) |
| Número Internacional Normalizado para Libros (ISBN) |
8481880116 (o.c.). |
| 035 ## - NÚMERO DE CONTROL DEL SISTEMA |
| Número de control del sistema |
CES19980060938m |
| 040 ## - FUENTE DE CATALOGACIÓN |
| Centro catalogador de origen |
ES-MaCES |
| Lengua de catalogación |
spa |
| Centro transcriptor |
ES-MaCES |
| 100 1# - ENCABEZAMIENTO PRINCIPAL--NOMBRE PERSONAL |
| Nombre de persona |
Martínez Quinteiro, Esther |
| 9 (RLIN) |
17904 |
| 245 13 - MENCIÓN DE TÍTULO |
| Título |
Las relaciones entre España y la Organización Internacional del Trabajo |
| Número de parte o sección de la obra |
: (1969-1975). Volumen II (segunda parte), La denuncia del sindicato vertical : el debate internacional sobre la violación del derecho de libertad sindical en el franquismo |
| Mención de responsabilidad, etc. |
Esther Martínez Quinteiro |
| 250 ## - MENCIÓN DE EDICIÓN |
| Mención de edición |
1ª ed |
| 260 ## - PUBLICACIÓN, DISTRIBUCIÓN, ETC (PIE DE IMPRENTA) |
| Lugar de publicación, distribución, etc. |
Madrid |
| Nombre del editor, distribuidor, etc. |
Consejo Económico y Social |
| Fecha de publicación, distribución, etc. |
1997 |
| 300 ## - DESCRIPCIÓN FÍSICA |
| Extensión |
740 p. |
| Otras características físicas |
fot. bl. y n. |
| Dimensiones |
23 cm |
| 490 1# - MENCIÓN DE SERIE |
| Mención de serie |
Colección Estudios |
| Designación de volumen o secuencia |
46 |
| 500 ## - NOTA GENERAL |
| Nota general |
2º v., 2ª parte, de la obra colectiva: Historia de las relaciones entre España y la OIT (1919-1994), ed. con motivo de la celebración de su 75 aniversario |
| 500 ## - NOTA GENERAL |
| Nota general |
El 2º subtít. corresponde al subtít. de la cubierta |
| 504 ## - NOTA DE BIBLIOGRAFÍA, ETC. |
| Nota de bibliografía, etc. |
Bibliografía: p. 407-414. Indices |
| 541 ## - NOTA DE LA FUENTE INMEDIANTE DE ADQUISICIÓN |
| Forma de adquisición |
Gratuito |
| 650 #4 - ASIENTO SECUNDARIO DE MATERIA--TÉRMINO DE MATERIA |
| Término de materia o nombre geográfico como elemento inicial |
sindicalismo |
| 9 (RLIN) |
29453 |
| 650 #4 - ASIENTO SECUNDARIO DE MATERIA--TÉRMINO DE MATERIA |
| Término de materia o nombre geográfico como elemento inicial |
derechos sindicales |
| 9 (RLIN) |
29470 |
| 650 #4 - ASIENTO SECUNDARIO DE MATERIA--TÉRMINO DE MATERIA |
| Término de materia o nombre geográfico como elemento inicial |
libertad sindical |
| 9 (RLIN) |
27177 |
| 650 #4 - ASIENTO SECUNDARIO DE MATERIA--TÉRMINO DE MATERIA |
| Término de materia o nombre geográfico como elemento inicial |
movimiento obrero |
| 9 (RLIN) |
28368 |
| 650 #4 - ASIENTO SECUNDARIO DE MATERIA--TÉRMINO DE MATERIA |
| Término de materia o nombre geográfico como elemento inicial |
intervención estatal |
| 9 (RLIN) |
29380 |
| 650 #4 - ASIENTO SECUNDARIO DE MATERIA--TÉRMINO DE MATERIA |
| Término de materia o nombre geográfico como elemento inicial |
OIT |
| 9 (RLIN) |
26720 |
| 650 #4 - ASIENTO SECUNDARIO DE MATERIA--TÉRMINO DE MATERIA |
| Término de materia o nombre geográfico como elemento inicial |
papel de la OIT |
| 9 (RLIN) |
29112 |
| 650 #4 - ASIENTO SECUNDARIO DE MATERIA--TÉRMINO DE MATERIA |
| Término de materia o nombre geográfico como elemento inicial |
España |
| 9 (RLIN) |
26964 |
| 650 #4 - ASIENTO SECUNDARIO DE MATERIA--TÉRMINO DE MATERIA |
| Término de materia o nombre geográfico como elemento inicial |
1969-1975 |
| 9 (RLIN) |
31259 |
| 650 #4 - ASIENTO SECUNDARIO DE MATERIA--TÉRMINO DE MATERIA |
| Término de materia o nombre geográfico como elemento inicial |
Conferencia Internacional del Trabajo |
| 9 (RLIN) |
29037 |
| 650 #4 - ASIENTO SECUNDARIO DE MATERIA--TÉRMINO DE MATERIA |
| Término de materia o nombre geográfico como elemento inicial |
relaciones interinstitucionales |
| 9 (RLIN) |
30832 |
| 650 #4 - ASIENTO SECUNDARIO DE MATERIA--TÉRMINO DE MATERIA |
| Término de materia o nombre geográfico como elemento inicial |
historia |
| 9 (RLIN) |
27251 |
| 650 #4 - ASIENTO SECUNDARIO DE MATERIA--TÉRMINO DE MATERIA |
| 9 (RLIN) |
28377 |
| Término de materia o nombre geográfico como elemento inicial |
sindicato |
| 650 #4 - ASIENTO SECUNDARIO DE MATERIA--TÉRMINO DE MATERIA |
| 9 (RLIN) |
29023 |
| Término de materia o nombre geográfico como elemento inicial |
CIOSL |
| 653 10 - TÉRMINO DE INDEXACIÓN--NO CONTROLADO |
| Término no controlado |
Relaciones laborales-Empleo |
| 710 2# - ENCABEZAMIENTO SECUNDARIO--NOMBRE CORPORATIVO |
| Nombre de entidad o nombre de jurisdicción como elemento inicial |
Consejo Económico y Social (España) |
| Término indicativo de función |
ed. |
| 9 (RLIN) |
2408 |
| 740 02 - ENCABEZAMIENTO SECUNDARIO--TÍTULO ANALÍTICO/RELACIONADO NO CONTROLADO |
| Título relacionado o analítico no controlado |
Historia de las relaciones entre España y la OIT (1919-1994) |
| 830 #0 - ENCABEZAMIENTO SECUNDARIO DE COLECCIÓN--TÍTULO UNIFORME |
| Título uniforme |
Colección Estudios (Consejo Económico y Social (España)) |
| Designación de volumen o secuencia |
46 |
| 9 (RLIN) |
32341 |
| 902 ## - CES. TIPO DE DOCUMENTO |
| Tipodoc (006$c Sirtex) |
LIB Libro |
| 942 ## - ELEMENTOS KOHA |
| Fuente de clasificaión o esquema |
Clasificación propia del CES |
| Koha [por defecto] tipo de item |
Monografías |
| Parte de clasificación |
Relaciones Laborales y Rel. Lab.- Empleo |